000 00921nam a2200241Ia 4500
003 GCL
008 140319s9999 xx 000 0 ara d
040 _aGCL /
_cGCL
082 0 4 _aق
_b953.082
_bن و
100 1 _aنبيل محمد عبدالعزيز احمد
245 1 0 _aوثيقة عهد السلطان المؤيد :
_bابى الفتح احمد بن النلك الاشرف ابى النصراينال العلائى الظاهرى(865 هج-1460 م) /
_cنبيل محمد عبدالعزيز احمد
260 _aالقاهرة :
_bمكتبة الانجلوالمصرية ،
_c1981
300 _a29 ص ؛
_c24 سم
490 _a
650 0 4 _aمصر
650 0 4 _aتاريخ
650 0 4 _aدولة المماليك
650 0 4 _aالدولة الاخشيدية
650 0 4 _aدولة المماليك الجراكسة
650 0 4 _aالعهود
650 0 4 _aالمكاتبات
942 _2ddc
_cBK
999 _c37064
_d37064